<?xml version="1.0" encoding="UTF-8"?>
<record
    xmlns:xsi="http://www.w3.org/2001/XMLSchema-instance"
    xsi:schemaLocation="http://www.loc.gov/MARC21/slim http://www.loc.gov/standards/marcxml/schema/MARC21slim.xsd"
    xmlns="http://www.loc.gov/MARC21/slim">

  <leader>02786cam a2200745   4500</leader>
  <datafield tag="999" ind1=" " ind2=" ">
    <subfield code="c">24074</subfield>
    <subfield code="d">24074</subfield>
  </datafield>
  <controlfield tag="001">vtls012264115</controlfield>
  <controlfield tag="005">20251215120504.0</controlfield>
  <controlfield tag="008">240925s2024    xo habcg hi   011 0aslo  </controlfield>
  <datafield tag="020" ind1=" " ind2=" ">
    <subfield code="a">9788055194967</subfield>
    <subfield code="q">(viazan&#xE9;)</subfield>
  </datafield>
  <datafield tag="040" ind1=" " ind2=" ">
    <subfield code="a">SVKPO</subfield>
    <subfield code="b">slo</subfield>
    <subfield code="c">SVKPO</subfield>
    <subfield code="d">SNK</subfield>
    <subfield code="e">rda</subfield>
  </datafield>
  <datafield tag="041" ind1="1" ind2=" ">
    <subfield code="a">slo</subfield>
    <subfield code="h">eng</subfield>
  </datafield>
  <datafield tag="044" ind1=" " ind2=" ">
    <subfield code="a">xo</subfield>
    <subfield code="c">SK</subfield>
  </datafield>
  <datafield tag="072" ind1=" " ind2="7">
    <subfield code="a">343.8</subfield>
    <subfield code="x">V&#xE4;zenstvo</subfield>
    <subfield code="2">konspekt</subfield>
  </datafield>
  <datafield tag="072" ind1=" " ind2="7">
    <subfield code="a">929</subfield>
    <subfield code="x">Biografie</subfield>
    <subfield code="2">konspekt</subfield>
  </datafield>
  <datafield tag="080" ind1=" " ind2=" ">
    <subfield code="a">(=411.16)</subfield>
    <subfield code="2">2011</subfield>
  </datafield>
  <datafield tag="080" ind1=" " ind2=" ">
    <subfield code="a">323.12"1939/1945"-053.15</subfield>
    <subfield code="2">2011</subfield>
  </datafield>
  <datafield tag="080" ind1=" " ind2=" ">
    <subfield code="a">355.48(100)"1939/1945"</subfield>
    <subfield code="2">2011</subfield>
  </datafield>
  <datafield tag="080" ind1=" " ind2=" ">
    <subfield code="a">343.819.5</subfield>
    <subfield code="2">2011</subfield>
  </datafield>
  <datafield tag="080" ind1=" " ind2=" ">
    <subfield code="a">323.12"1939/1945"</subfield>
    <subfield code="2">2011</subfield>
  </datafield>
  <datafield tag="080" ind1=" " ind2=" ">
    <subfield code="a">741/744-053.2</subfield>
    <subfield code="2">2011</subfield>
  </datafield>
  <datafield tag="080" ind1=" " ind2=" ">
    <subfield code="a">(438)</subfield>
    <subfield code="2">2011</subfield>
  </datafield>
  <datafield tag="080" ind1=" " ind2=" ">
    <subfield code="a">(430)</subfield>
    <subfield code="2">2011</subfield>
  </datafield>
  <datafield tag="080" ind1=" " ind2=" ">
    <subfield code="a">(0:82-312.6)</subfield>
    <subfield code="2">2011</subfield>
  </datafield>
  <datafield tag="100" ind1="1" ind2=" ">
    <subfield code="a">Geve, Thomas,</subfield>
    <subfield code="d">1929-2024</subfield>
    <subfield code="4">aut</subfield>
    <subfield code="9">5309</subfield>
  </datafield>
  <datafield tag="240" ind1="1" ind2="4">
    <subfield code="a">The boy who drew Auschwitz</subfield>
    <subfield code="l">Slovensky</subfield>
  </datafield>
  <datafield tag="245" ind1="1" ind2="0">
    <subfield code="a">Chlapec, ktor&#xFD; nakreslil Auschwitz</subfield>
    <subfield code="b">skuto&#x10D;n&#xFD; pr&#xED;beh o n&#xE1;deji a pre&#x17E;it&#xED;</subfield>
    <subfield code="c">Thomas Geve v spolupr&#xE1;ci s Charlesom Inglefieldom ; prelo&#x17E;il R&#xF3;bert Hreb&#xED;&#x10D;ek</subfield>
  </datafield>
  <datafield tag="264" ind1=" " ind2="1">
    <subfield code="a">Bratislava</subfield>
    <subfield code="b">Ikar</subfield>
    <subfield code="c">2024</subfield>
  </datafield>
  <datafield tag="300" ind1=" " ind2=" ">
    <subfield code="a">373 str&#xE1;n</subfield>
    <subfield code="b">faksimile, ilustr&#xE1;cie (preva&#x17E;ne farebn&#xE9;), mapy, portr&#xE9;ty</subfield>
    <subfield code="c">21 cm</subfield>
  </datafield>
  <datafield tag="336" ind1=" " ind2=" ">
    <subfield code="a">text</subfield>
    <subfield code="b">txt</subfield>
    <subfield code="2">rdacontent</subfield>
  </datafield>
  <datafield tag="337" ind1=" " ind2=" ">
    <subfield code="a">bez m&#xE9;dia</subfield>
    <subfield code="b">n</subfield>
    <subfield code="2">rdamedia</subfield>
  </datafield>
  <datafield tag="338" ind1=" " ind2=" ">
    <subfield code="a">zv&#xE4;zok</subfield>
    <subfield code="b">nc</subfield>
    <subfield code="2">rdacarrier</subfield>
  </datafield>
  <datafield tag="500" ind1=" " ind2=" ">
    <subfield code="a">Prelo&#x17E;en&#xE9; z angli&#x10D;tiny</subfield>
  </datafield>
  <datafield tag="600" ind1="1" ind2="7">
    <subfield code="a">Geve, Thomas,</subfield>
    <subfield code="d">1929-2024</subfield>
    <subfield code="2">SNKMA</subfield>
    <subfield code="9">5309</subfield>
  </datafield>
  <datafield tag="610" ind1="1" ind2="7">
    <subfield code="a">Osvien&#x10D;im (koncentra&#x10D;n&#xFD; t&#xE1;bor)</subfield>
    <subfield code="2">SNKKA</subfield>
    <subfield code="9">2168</subfield>
  </datafield>
  <datafield tag="610" ind1="2" ind2="7">
    <subfield code="a">Gross-Rosen (koncentra&#x10D;n&#xFD; t&#xE1;bor)</subfield>
    <subfield code="2">SNKKA</subfield>
    <subfield code="9">5310</subfield>
  </datafield>
  <datafield tag="610" ind1="1" ind2="7">
    <subfield code="a">Buchenwald (koncentra&#x10D;n&#xFD; t&#xE1;bor)</subfield>
    <subfield code="2">SNKKA</subfield>
    <subfield code="9">5311</subfield>
  </datafield>
  <datafield tag="648" ind1=" " ind2="7">
    <subfield code="a">20.-21. storo&#x10D;ie</subfield>
    <subfield code="2">SNKPH</subfield>
    <subfield code="9">1994</subfield>
  </datafield>
  <datafield tag="648" ind1=" " ind2="7">
    <subfield code="a">1939-1945</subfield>
    <subfield code="2">SNKPH</subfield>
    <subfield code="9">2019</subfield>
  </datafield>
  <datafield tag="648" ind1=" " ind2="7">
    <subfield code="a">20th-21st centuries</subfield>
    <subfield code="2">SNKPHeng</subfield>
    <subfield code="9">1822</subfield>
  </datafield>
  <datafield tag="650" ind1="0" ind2="7">
    <subfield code="a">&#x17D;idia</subfield>
    <subfield code="2">SNKPH</subfield>
    <subfield code="9">1732</subfield>
  </datafield>
  <datafield tag="650" ind1="0" ind2="7">
    <subfield code="a">&#x17E;idovsk&#xE9; deti</subfield>
    <subfield code="2">SNKPH</subfield>
    <subfield code="9">4549</subfield>
  </datafield>
  <datafield tag="650" ind1="0" ind2="7">
    <subfield code="a">pre&#x17E;iv&#x161;&#xED; holokaust</subfield>
    <subfield code="2">SNKPH</subfield>
    <subfield code="9">3204</subfield>
  </datafield>
  <datafield tag="650" ind1="0" ind2="7">
    <subfield code="a">druh&#xE1; svetov&#xE1; vojna (1939-1945)</subfield>
    <subfield code="2">SNKPH</subfield>
    <subfield code="9">1735</subfield>
  </datafield>
  <datafield tag="650" ind1="0" ind2="7">
    <subfield code="a">koncentra&#x10D;n&#xE9; t&#xE1;bory</subfield>
    <subfield code="2">SNKPH</subfield>
    <subfield code="9">1734</subfield>
  </datafield>
  <datafield tag="650" ind1="0" ind2="7">
    <subfield code="a">holokaust (1939-1945)</subfield>
    <subfield code="2">SNKPH</subfield>
    <subfield code="9">1733</subfield>
  </datafield>
  <datafield tag="650" ind1="0" ind2="7">
    <subfield code="a">detsk&#xE9; kresby</subfield>
    <subfield code="2">SNKPH</subfield>
    <subfield code="9">5312</subfield>
  </datafield>
  <datafield tag="650" ind1="0" ind2="7">
    <subfield code="a">Jews</subfield>
    <subfield code="2">SNKPHeng</subfield>
    <subfield code="9">1737</subfield>
  </datafield>
  <datafield tag="650" ind1="0" ind2="7">
    <subfield code="a">Holocaust survivors</subfield>
    <subfield code="2">SNKPHeng</subfield>
    <subfield code="9">3205</subfield>
  </datafield>
  <datafield tag="650" ind1="0" ind2="7">
    <subfield code="a">World War (1939-1945)</subfield>
    <subfield code="2">SNKPHeng</subfield>
    <subfield code="9">1740</subfield>
  </datafield>
  <datafield tag="650" ind1="0" ind2="7">
    <subfield code="a">Concentration camps</subfield>
    <subfield code="2">SNKPHeng</subfield>
    <subfield code="9">1739</subfield>
  </datafield>
  <datafield tag="650" ind1="0" ind2="7">
    <subfield code="a">Holocaust (1939-1945)</subfield>
    <subfield code="2">SNKPHeng</subfield>
    <subfield code="9">1738</subfield>
  </datafield>
  <datafield tag="650" ind1="0" ind2="7">
    <subfield code="a">Children's drawings</subfield>
    <subfield code="2">SNKPHeng</subfield>
    <subfield code="9">5313</subfield>
  </datafield>
  <datafield tag="651" ind1=" " ind2="7">
    <subfield code="a">Nemecko</subfield>
    <subfield code="2">SNKPHgeo</subfield>
    <subfield code="9">3575</subfield>
  </datafield>
  <datafield tag="651" ind1=" " ind2="7">
    <subfield code="a">Po&#x13E;sko</subfield>
    <subfield code="2">SNKPHgeo</subfield>
    <subfield code="9">1754</subfield>
  </datafield>
  <datafield tag="651" ind1=" " ind2="7">
    <subfield code="a">Germany</subfield>
    <subfield code="2">SNKPHeng</subfield>
    <subfield code="9">3576</subfield>
  </datafield>
  <datafield tag="651" ind1=" " ind2="7">
    <subfield code="a">Poland</subfield>
    <subfield code="2">SNKPHeng</subfield>
    <subfield code="9">1755</subfield>
  </datafield>
  <datafield tag="655" ind1=" " ind2="7">
    <subfield code="a">autobiografick&#xE9; rom&#xE1;ny</subfield>
    <subfield code="2">SNKPH</subfield>
    <subfield code="9">1743</subfield>
  </datafield>
  <datafield tag="655" ind1=" " ind2="7">
    <subfield code="a">Autobiographical novels</subfield>
    <subfield code="2">SNKPHeng</subfield>
    <subfield code="9">1744</subfield>
  </datafield>
  <datafield tag="700" ind1="1" ind2=" ">
    <subfield code="a">Inglefield, Charles,</subfield>
    <subfield code="d">1977-</subfield>
    <subfield code="4">clb</subfield>
    <subfield code="9">5314</subfield>
  </datafield>
  <datafield tag="700" ind1="1" ind2=" ">
    <subfield code="a">Hreb&#xED;&#x10D;ek, R&#xF3;bert</subfield>
    <subfield code="4">trl</subfield>
    <subfield code="9">1780</subfield>
  </datafield>
  <datafield tag="958" ind1=" " ind2=" ">
    <subfield code="a">LX</subfield>
  </datafield>
  <datafield tag="958" ind1=" " ind2=" ">
    <subfield code="a">UP</subfield>
  </datafield>
  <datafield tag="958" ind1=" " ind2=" ">
    <subfield code="a">ZD</subfield>
  </datafield>
  <datafield tag="952" ind1=" " ind2=" ">
    <subfield code="0">0</subfield>
    <subfield code="1">0</subfield>
    <subfield code="2">udc</subfield>
    <subfield code="4">0</subfield>
    <subfield code="7">0</subfield>
    <subfield code="8">K</subfield>
    <subfield code="a">10000</subfield>
    <subfield code="b">10000</subfield>
    <subfield code="d">2025-12-15</subfield>
    <subfield code="g">14.90</subfield>
    <subfield code="i">22443</subfield>
    <subfield code="l">1</subfield>
    <subfield code="o">B10959</subfield>
    <subfield code="p">B10959</subfield>
    <subfield code="r">2026-04-22</subfield>
    <subfield code="s">2026-02-04</subfield>
    <subfield code="w">2025-12-15</subfield>
    <subfield code="y">KLDO</subfield>
  </datafield>
</record>
